000 00489nam a22001577a 4500
008 230509b |||||||| |||| 00| 0 eng d
040 _aNational Science Library
_cNational Science Library
080 _aR 058
_bP1
245 _aManorama yearbook 2001:
_bHit the jackpot! a quiz of 1000 questions & answers
260 _aKottayam:
_bMalayala Manorama,
_c2001
300 _a824p.
365 _b90.00
_cINR
490 _a36th year of publication
650 _aYearbook
942 _2udc
_cYBK
999 _c27874
_d27874